000 01237nam a2200229Ii 4500
003 JO-AjNU
005 20240630100423.0
008 230605s9999||||xx |||||||||||||| ||und||
040 _aJO-AjNU
_bara
_erda
_cJO-AjNU
041 _aara
050 1 4 _aQA11 2016
100 3 _aاعداد الناصر، سند زيد؛ اشراف احمد محمد الدويري,
_eauthor
_957617
245 0 0 _aمعوقات استخدام معلمي الرياضيات للحاسوب في تدريسهم بالمرحلة الاساسية من وجهة نظرهم في الاردن=Obstacles of using computer in teaching by mathematics teachers at basic stage of their perspective in jordon
264 3 1 _a 2016
300 _a72ورقة
336 _atext
_btxt
_2rdacontent
337 _aunmediated
_bn
_2rdamedia
338 _avolume
_bnc
_2rdacarrier
500 _aرسالة جامعية (ماجستير في مناهج الرياضيات واساليب التدريس للمرحلة الاساسية)--جامعة ال البيت، كلية العلوم التربوية(المفرق)، 2016، يشتمل على جداول توضيحية
650 4 _aالرياضيات - مناهج واساليب تدريس - حوسبة
_957618
942 _2lcc
_cTHS
999 _c29399
_d29399